[Event "XXXV MEMORIAL IMIENIA LUDWIKA ZAMENHOFA"]
[Site "Bialystok"]
[Date "2016.12.28"]
[Round "3.15"]
[White "Khamitskiy, Sergei"]
[Black "Borawski, Jakub"]
[Result "1/2-1/2"]
[WhiteElo "2290"]
[BlackElo "2136"]
[PlyCount "117"]
[EventDate "2016.??.??"]

1. d4 Nf6 2. c4 e6 3. g3 Bb4+ 4. Nd2 O-O 5. Bg2 d5 6. Ngf3 c5 7. dxc5 Bxc5 8.
O-O Nc6 9. a3 a5 10. cxd5 Nxd5 11. Qc2 Ba7 12. Nc4 b5 13. Ne3 Bxe3 14. Qxc6 Bd7
15. Qc2 Rc8 16. Qd3 Bxc1 17. Raxc1 Qf6 18. Rxc8 Rxc8 19. e4 Nb6 20. Qd6 Qd8 21.
Rd1 Qc7 22. Ne5 Be8 23. Bf1 Qxd6 24. Rxd6 Na4 25. Nd3 Bc6 26. f3 Kf8 27. Ne5
Be8 28. b3 Nc3 29. Ra6 a4 30. bxa4 Nxa4 31. Ra7 Rc3 32. Rb7 f6 33. Nd3 Rxa3 34.
Nf4 Nc5 35. Rc7 g5 36. Ne2 Nb3 37. Rxh7 Nd2 38. Nd4 Nxf3+ 39. Nxf3 Rxf3 40. Rb7
Rb3 41. Bh3 Bf7 42. Bf1 b4 43. Kf2 Rb2+ 44. Ke3 e5 45. h4 gxh4 46. gxh4 Rb3+
47. Kf2 Bg6 48. Bc4 Rh3 49. Bd5 b3 50. h5 Bxh5 51. Rxb3 Rxb3 52. Bxb3 Ke7 53.
Ke3 Kd6 54. Ba4 Bf7 55. Bd1 Be6 56. Ba4 Bh3 57. Bd1 Bg2 58. Bg4 Bxe4 59. Kxe4
1/2-1/2

[Event "XXXV MEMORIAL IMIENIA LUDWIKA ZAMENHOFA"]
[Site "Bialystok"]
[Date "2016.??.??"]
[Round "3.17"]
[White "Zochowski, Kacper"]
[Black "Walewski, Wojciech"]
[Result "1-0"]
[WhiteElo "2261"]
[BlackElo "2095"]
[PlyCount "77"]
[EventDate "2016.??.??"]

1. e4 e5 2. Nf3 Nc6 3. Bb5 a6 4. Ba4 Nf6 5. O-O Be7 6. Re1 b5 7. Bb3 d6 8. c3
O-O 9. h3 Na5 10. Bc2 c5 11. d4 Qc7 12. Nbd2 Re8 13. Nf1 Bd7 14. Ng3 Rac8 15.
d5 c4 16. Nh2 Nb7 17. f4 Nc5 18. Nf3 Rcd8 19. Be3 Bc8 20. Qd2 Nfd7 21. Qf2 exf4
22. Bxf4 Ne5 23. Nxe5 dxe5 24. Be3 Nd7 25. Nf5 Bc5 26. Qg3 g6 27. Rf1 Bxe3+ 28.
Nxe3 Nc5 29. Rf6 Rd6 30. Raf1 Re7 31. Qg5 Kg7 32. R6f2 h6 33. Qg3 f6 34. Kh1
Qd8 35. b4 Nb7 36. Bd1 Rf7 37. Bh5 g5 38. Bxf7 Kxf7 39. Qxe5 1-0

[Event "XXXV MEMORIAL IMIENIA LUDWIKA ZAMENHOFA"]
[Site "Bialystok"]
[Date "2016.??.??"]
[Round "3.18"]
[White "Cherepov, Alexej"]
[Black "Kosakowski, Jakub"]
[Result "0-1"]
[WhiteElo "2106"]
[BlackElo "2249"]
[PlyCount "134"]
[EventDate "2016.??.??"]

1. d4 Nf6 2. c4 g6 3. Nc3 d5 4. Nf3 Bg7 5. Bg5 Ne4 6. Bh4 Nxc3 7. bxc3 dxc4 8.
Qa4+ Qd7 9. Qxc4 b6 10. e3 Ba6 11. Qb3 Bxf1 12. Kxf1 O-O 13. Ke2 c5 14. Rhd1
cxd4 15. cxd4 Nc6 16. Kf1 Rfc8 17. Rac1 Na5 18. Qb2 e6 19. Bg3 Qa4 20. Ne1 Nc4
21. Qb1 Rc6 22. d5 exd5 23. Nd3 Rac8 24. Kg1 Na3 25. Qb3 Qxb3 26. axb3 Rc3 27.
Kf1 Nb5 28. Rxc3 Rxc3 29. b4 d4 30. exd4 Bxd4 31. Nf4 Rb3 32. Nd5 a5 33. Ne7+
Kf8 34. Nc6 Bc3 35. Bf4 Kg7 36. Rd5 a4 37. Rxb5 a3 38. Rxb6 a2 39. Ra6 a1=Q+
40. Rxa1 Bxa1 41. Be5+ Bxe5 42. Nxe5 Rxb4 43. g3 Kf6 44. Nf3 Kf5 45. h4 f6 46.
Kg2 Ke4 47. Nh2 Kd3 48. Kf3 Kd2 49. Kg2 Ke2 50. Nf3 Rb1 51. Nd4+ Kd3 52. Nf3
Rd1 53. Nh2 Ke2 54. Nf3 h6 55. Nh2 g5 56. hxg5 hxg5 57. g4 Rd3 58. Nf1 Ke1 59.
Ng3 Rd2 60. Nh1 Ra2 61. Kg1 Ra4 62. f3 Ke2 63. Kg2 Ke3 64. Ng3 Ra2+ 65. Kh3
Kxf3 66. Nh5 f5 67. gxf5 Ra4 0-1

[Event "XXXV MEMORIAL IMIENIA LUDWIKA ZAMENHOFA"]
[Site "Bialystok"]
[Date "2016.??.??"]
[Round "3.21"]
[White "Pietruszewski, Marcin"]
[Black "Beks, Edmunds"]
[Result "1-0"]
[WhiteElo "2208"]
[BlackElo "2068"]
[PlyCount "41"]
[EventDate "2016.??.??"]

1. e4 e5 2. Nf3 Nf6 3. Nxe5 d6 4. Nf3 Nxe4 5. Nc3 Nxc3 6. dxc3 Be7 7. Bf4 O-O
8. Qd2 Nd7 9. O-O-O Nc5 10. Kb1 Rb8 11. Bd3 Nxd3 12. Qxd3 Bd7 13. h4 h6 14. Ng5
hxg5 15. hxg5 g6 16. Qd4 f6 17. Qd5+ Rf7 18. Rh8+ Kxh8 19. Qxf7 Bg4 20. Rh1+
Bh5 21. Qxg6 1-0

[Event "XXXV MEMORIAL IMIENIA LUDWIKA ZAMENHOFA"]
[Site "Bialystok"]
[Date "2016.??.??"]
[Round "3.23"]
[White "Rozycki, Bartlomiej"]
[Black "Korolev, Alexandr"]
[Result "1/2-1/2"]
[WhiteElo "2190"]
[BlackElo "2049"]
[PlyCount "92"]
[EventDate "2016.??.??"]

1. d4 d6 2. e4 Nf6 3. Nc3 e5 4. Nf3 Nbd7 5. Bc4 Be7 6. O-O O-O 7. a4 a5 8. h3
c6 9. Re1 Qc7 10. Be3 exd4 11. Nxd4 Nc5 12. Bf4 Nfd7 13. Ba2 Ne5 14. Bg3 Kh8
15. f4 Ng6 16. Nf5 Nxe4 17. Nxe7 Nxg3 18. Nxc8 Qxc8 19. Qg4 Nf5 20. Ne4 d5 21.
Ng5 Nh6 22. Qxc8 Raxc8 23. g3 Nf5 24. Kf2 h6 25. Nf3 Nd6 26. Rad1 Rfe8 27. c4
Rxe1 28. Nxe1 Nxc4 29. Bxc4 dxc4 30. Rd7 b5 31. Ra7 Rb8 32. Rxa5 bxa4 33. Rxa4
Rxb2+ 34. Ke3 Rb3+ 35. Kf2 Rb2+ 36. Ke3 Rb3+ 37. Kf2 Rc3 38. Ra8+ Kh7 39. Rc8
f5 40. h4 Ra3 41. h5 Nh8 42. Re8 Ra6 43. Re7 c3 44. Ke3 Ra1 45. Nd3 Rh1 46. Re6
Rxh5 1/2-1/2

[Event "XXXV MEMORIAL IMIENIA LUDWIKA ZAMENHOFA"]
[Site "Bialystok"]
[Date "2016.??.??"]
[Round "3.27"]
[White "Ocytko, Andrzej"]
[Black "Kohut, Anna"]
[Result "1-0"]
[WhiteElo "2110"]
[BlackElo "2007"]
[PlyCount "117"]
[EventDate "2016.??.??"]

1. e4 c5 2. Nf3 e6 3. d4 cxd4 4. Nxd4 Nf6 5. Nc3 Nc6 6. a3 Qb6 7. Nb3 Be7 8.
Be3 Qd8 9. f4 d6 10. Qf3 a6 11. O-O-O Qc7 12. g4 Nd7 13. g5 b5 14. Bd3 Bb7 15.
Qf2 b4 16. axb4 Nxb4 17. Kb1 Nxd3 18. cxd3 Nc5 19. Nxc5 dxc5 20. Rc1 Qd7 21.
Rhd1 O-O 22. Bxc5 Bxc5 23. Qxc5 Rfc8 24. Qf2 a5 25. Qe3 a4 26. Na2 a3 27. Rxc8+
Bxc8 28. b4 Qa4 29. Qd2 Qb3+ 30. Ka1 Ba6 31. Nc1 Qa4 32. Na2 Rd8 33. Rc1 g6 34.
Rc3 Bb5 35. d4 Qa7 36. Rc5 Ba4 37. Nc3 Bb3 38. Nb5 Qa6 39. d5 exd5 40. exd5 Ba4
41. Nc3 Qf1+ 42. Ka2 Re8 43. Kxa3 Ra8 44. Ra5 Qa1+ 45. Na2 Rxa5 46. bxa5 Bb5
47. Qb2 Qf1 48. Qd4 Qe1 49. Nc3 Qa1+ 50. Kb4 Bd7 51. Qd2 Qf1 52. Kc5 Qa6 53.
Ne4 Qa7+ 54. Kd6 Bf5 55. Nf6+ Kf8 56. Qc3 Qe7+ 57. Kc6 Qd8 58. Qb4+ Kg7 59. Qb7
1-0

[Event "XXXV MEMORIAL IMIENIA LUDWIKA ZAMENHOFA"]
[Site "Bialystok"]
[Date "2016.??.??"]
[Round "3.30"]
[White "Oglaza, Oskar"]
[Black "Belczewski, Jacek"]
[Result "1-0"]
[WhiteElo "2066"]
[BlackElo "1902"]
[PlyCount "47"]
[EventDate "2016.??.??"]

1. e4 e6 2. d4 d5 3. Nd2 dxe4 4. Nxe4 Bd7 5. Nf3 Bc6 6. Bd3 Nd7 7. Qe2 Ngf6 8.
Bg5 h6 9. Nxf6+ Nxf6 10. Be3 Bxf3 11. Qxf3 c6 12. O-O Bd6 13. Rfe1 Qc7 14. h3
O-O-O 15. a3 Nd5 16. b4 g5 17. c4 Nf4 18. Bc2 Qd7 19. d5 Bb8 20. g3 Rhg8 21.
Rad1 cxd5 22. cxd5 Nxd5 23. Be4 Bc7 24. Rxd5 1-0

[Event "XXXV MEMORIAL IMIENIA LUDWIKA ZAMENHOFA"]
[Site "Bialystok"]
[Date "2016.??.??"]
[Round "3.31"]
[White "Drozdowski, Konrad"]
[Black "Krasiewicz, Robert"]
[Result "1-0"]
[WhiteElo "2024"]
[BlackElo "2048"]
[PlyCount "73"]
[EventDate "2016.??.??"]

1. e4 e6 2. d4 d5 3. Nc3 Bb4 4. Bd3 Nc6 5. e5 Qd7 6. Nf3 b6 7. O-O Bb7 8. Ne2
f5 9. c3 Bf8 10. Qc2 Nge7 11. b4 h6 12. a4 a6 13. h4 g6 14. Be3 Nd8 15. a5 Nf7
16. b5 axb5 17. axb6 Rxa1 18. Rxa1 c6 19. Nf4 Rg8 20. Bc1 Nc8 21. h5 Nxb6 22.
Nxg6 Be7 23. Qe2 Na4 24. Bd2 Ng5 25. Nxg5 Bxg5 26. Bc2 Nb6 27. Bxg5 hxg5 28.
Qe3 Qd8 29. Ra7 Rg7 30. Qh3 Nc8 31. h6 Rh7 32. Rxb7 Rxb7 33. h7 Rxh7 34. Qxh7
Qa5 35. Qg8+ Kd7 36. Qf7+ Kd8 37. Nf8 1-0

[Event "XXXV MEMORIAL IMIENIA LUDWIKA ZAMENHOFA"]
[Site "Bialystok"]
[Date "2016.??.??"]
[Round "3.32"]
[White "Laszczak, Przemyslaw"]
[Black "Kostyra, Stanislaw"]
[Result "0-1"]
[WhiteElo "1960"]
[BlackElo "2230"]
[PlyCount "96"]
[EventDate "2016.??.??"]

1. d4 Nf6 2. c4 e6 3. Nc3 Bb4 4. e3 b6 5. Nge2 Ne4 6. Bd2 Nxd2 7. Qxd2 Bb7 8.
a3 Bxc3 9. Nxc3 f5 10. d5 e5 11. Bd3 O-O 12. f3 d6 13. O-O Nd7 14. b4 a6 15. e4
f4 16. Ne2 Qh4 17. Nc1 a5 18. Nb3 a4 19. Nc1 g5 20. Qf2 Qxf2+ 21. Kxf2 Kf7 22.
Be2 Rg8 23. Nd3 h5 24. h3 Nf6 25. c5 g4 26. cxd6 cxd6 27. Rac1 Rgc8 28. Nb2 Ke7
29. Bb5 Ba6 30. Bxa6 Rxc1 31. Rxc1 Rxa6 32. Rc7+ Nd7 33. Rb7 b5 34. Rxb5 Ra8
35. Nc4 Rc8 36. Na5 Rc2+ 37. Kf1 g3 38. Nc6+ Ke8 39. Ra5 Nb6 40. b5 Nc4 41.
Ra8+ Kf7 42. Ra7+ Kf6 43. Ke1 Ne3 44. Ra8 Nxg2+ 45. Kd1 Ne3+ 46. Ke1 g2 47. Rg8
Ng4 48. Kd1 Rf2 0-1

[Event "XXXV MEMORIAL IMIENIA LUDWIKA ZAMENHOFA"]
[Site "Bialystok"]
[Date "2016.??.??"]
[Round "3.33"]
[White "Krzywda, Andrzej"]
[Black "Rudzinska, Michalina"]
[Result "1-0"]
[WhiteElo "2148"]
[BlackElo "1975"]
[PlyCount "83"]
[EventDate "2016.??.??"]

1. e4 c5 2. Nf3 e6 3. d4 cxd4 4. Nxd4 a6 5. Bd3 Nc6 6. Nxc6 bxc6 7. O-O Qc7 8.
Qe2 d5 9. Nd2 Nf6 10. c4 Be7 11. b3 O-O 12. Bb2 Bb7 13. Rac1 Qb6 14. c5 Qc7 15.
e5 Nd7 16. Nf3 g6 17. Bd4 a5 18. Rfe1 Rfe8 19. h4 Qc8 20. Qe3 Ba6 21. Bb1 a4
22. b4 a3 23. h5 Qb8 24. Bc3 Bf8 25. Rcd1 Bg7 26. g3 Bc4 27. Qg5 d4 28. hxg6
fxg6 29. Rxd4 Bd5 30. Rf4 Rf8 31. Nh2 Rxf4 32. gxf4 Qf8 33. Ng4 Qf7 34. Kh2 Rf8
35. Kg3 Rb8 36. f3 Nf8 37. Rh1 Nd7 38. Rxh7 Kxh7 39. Qh5+ Kg8 40. Bxg6 Qe7 41.
Qh7+ Kf8 42. Nh6 1-0

[Event "XXXV MEMORIAL IMIENIA LUDWIKA ZAMENHOFA"]
[Site "Bialystok"]
[Date "2016.??.??"]
[Round "3.34"]
[White "Harazinska, Magdalena"]
[Black "Luba, Lukasz"]
[Result "1/2-1/2"]
[WhiteElo "1930"]
[BlackElo "2114"]
[PlyCount "104"]
[EventDate "2016.??.??"]

1. d4 d5 2. c4 c6 3. e3 Nf6 4. Nc3 g6 5. cxd5 Nxd5 6. e4 Nxc3 7. bxc3 Bg7 8.
Nf3 O-O 9. Be2 Bg4 10. O-O Bxf3 11. Bxf3 e5 12. Be3 Nd7 13. Qb3 b6 14. Rfd1 Qe7
15. Rac1 Kh8 16. d5 c5 17. d6 Qd8 18. h3 Rb8 19. Qa4 a5 20. Be2 f5 21. Bb5 Rb7
22. f3 f4 23. Bf2 g5 24. Kf1 h5 25. Ke2 Rf6 26. Rd2 Rg6 27. Qc4 Kh7 28. Qf7 Kh6
29. Qe7 Bf6 30. Qf7 Qf8 31. Qxf8+ Nxf8 32. Kd3 g4 33. hxg4 hxg4 34. Be8 g3 35.
Bxg6 Kxg6 36. Bg1 Kf7 37. Rb1 Nd7 38. Kc4 Ke6 39. Kb5 Rb8 40. a4 Rh8 41. Rbd1
Rb8 42. Rb1 Bd8 43. Rbd1 Rb7 44. Ka6 Rb8 45. Kb5 Bg5 46. Rd3 Ra8 47. Kc6 Rb8
48. Kb5 Bd8 49. R3d2 Bf6 50. Rd5 Bg5 51. R5d3 Bh4 52. R3d2 Bg5 1/2-1/2

[Event "XXXV MEMORIAL IMIENIA LUDWIKA ZAMENHOFA"]
[Site "Bialystok"]
[Date "2016.??.??"]
[Round "3.35"]
[White "Malicka, Maria"]
[Black "Murza, Adam"]
[Result "1-0"]
[WhiteElo "1901"]
[BlackElo "2058"]
[PlyCount "117"]
[EventDate "2016.??.??"]

1. e4 c6 2. d4 d5 3. Nc3 dxe4 4. Nxe4 Nd7 5. Nf3 Ngf6 6. Nxf6+ Nxf6 7. c3 Bg4
8. Be2 e6 9. Bf4 Nd5 10. Bg3 Bd6 11. Bxd6 Qxd6 12. Ne5 Bxe2 13. Qxe2 O-O 14.
O-O Rfe8 15. Rfe1 c5 16. dxc5 Qxc5 17. c4 Nf6 18. Rad1 Rad8 19. b3 Qc7 20. g3
g6 21. f4 h5 22. Rxd8 Rxd8 23. Rd1 Kg7 24. Kg2 Rxd1 25. Qxd1 Qa5 26. Qc2 Qe1
27. Nf3 Qe3 28. Qd2 Qe4 29. Qe1 Qc2+ 30. Qd2 Qe4 31. Qe1 Qc6 32. Qe5 Qe4 33.
Qxe4 Nxe4 34. Nd4 Kf6 35. Kf3 Nd6 36. c5 Nc8 37. Ke4 Ke7 38. b4 f6 39. h3 b6
40. g4 hxg4 41. hxg4 Kd7 42. g5 bxc5 43. bxc5 e5 44. fxe5 fxg5 45. Kf3 Ne7 46.
Kg4 Nd5 47. Kxg5 Nb4 48. Kxg6 Nd3 49. c6+ Ke7 50. Kf5 Nb4 51. a3 Nd5 52. Ke4
Nc3+ 53. Kd3 Nd5 54. Kc4 Ne3+ 55. Kc5 Ng4 56. e6 Nf6 57. c7 Ne4+ 58. Kd5 Nf6+
59. Kc6 1-0

[Event "XXXV MEMORIAL IMIENIA LUDWIKA ZAMENHOFA"]
[Site "Bialystok"]
[Date "2016.??.??"]
[Round "3.19"]
[White "Buraczewski, Rafal"]
[Black "Niedzwiedz, Marek"]
[Result "1/2-1/2"]
[WhiteElo "2249"]
[BlackElo "2088"]
[PlyCount "112"]
[EventDate "2016.??.??"]

1. Nf3 Nf6 2. d4 g6 3. c4 Bg7 4. Nc3 d6 5. Bg5 O-O 6. e3 c5 7. Be2 h6 8. Bh4 g5
9. Bg3 Nh5 10. Qc2 Qa5 11. O-O Nxg3 12. hxg3 Nc6 13. d5 Ne5 14. Nd2 Bg4 15.
Bxg4 Nxg4 16. Rae1 Qd8 17. f3 Nf6 18. f4 Qd7 19. Nce4 Nxe4 20. Nxe4 f5 21. Nd2
e5 22. dxe6 Qxe6 23. Nf3 Rae8 24. b3 g4 25. Nd2 Re7 26. Qd3 Rd8 27. Re2 d5 28.
Rfe1 Red7 29. cxd5 Rxd5 30. Qc2 Rd3 31. Nf1 b6 32. Rd2 Qe4 33. Rxd3 Qxd3 34.
Qxd3 Rxd3 35. Kf2 Kf7 36. Ke2 Rd5 37. Rc1 Ke6 38. Nd2 Rd7 39. a4 a6 40. a5 bxa5
41. Rxc5 Rd5 42. Rc1 Rb5 43. Rc6+ Kd5 44. Rxa6 Bc3 45. Kd3 Bxd2 46. Kxd2 h5 47.
Rf6 Rxb3 48. Rxf5+ Kc4 49. Rxa5 Rb7 50. Ke1 Kd3 51. Rd5+ Kxe3 52. Re5+ Kd4 53.
Kf1 h4 54. gxh4 g3 55. Re2 Rb1+ 56. Re1 Rb2 1/2-1/2

[Event "XXXV MEMORIAL IMIENIA LUDWIKA ZAMENHOFA"]
[Site "Bialystok"]
[Date "2016.??.??"]
[Round "3.20"]
[White "Praczukowski, Stanislaw"]
[Black "Jaroch, Karol"]
[Result "0-1"]
[WhiteElo "2093"]
[BlackElo "2247"]
[PlyCount "130"]
[EventDate "2016.??.??"]

1. c4 e6 2. g3 Nf6 3. Bg2 Be7 4. Nf3 O-O 5. O-O b6 6. d4 Bb7 7. Re1 c5 8. d5
exd5 9. Nh4 Ne4 10. cxd5 Bxh4 11. Bxe4 Bf6 12. Nc3 d6 13. Qc2 g6 14. Bf4 Re8
15. Rad1 Na6 16. Bg2 Nc7 17. Ne4 Be7 18. Nc3 b5 19. e4 b4 20. Na4 Nb5 21. e5
Nd4 22. Qd2 dxe5 23. Bxe5 Bxd5 24. Bxd5 Qxd5 25. Bxd4 cxd4 26. Qxd4 Qxa2 27.
Qd7 Red8 28. Qxe7 Rxd1 29. Rxd1 Qxa4 30. Rd7 Rf8 31. Rxa7 Qd1+ 32. Kg2 Qd5+ 33.
Kg1 b3 34. Qb7 Qc4 35. Ra3 Re8 36. Ra8 Qc1+ 37. Kg2 Rxa8 38. Qxa8+ Kg7 39. Qa3
Qc2 40. h4 h6 41. Kg1 Qd1+ 42. Kg2 Qe2 43. Qb4 Qxb2 44. g4 Qe2 45. Qd4+ Kh7 46.
g5 h5 47. Qf6 Qe6 48. Qc3 Qg4+ 49. Kf1 Qd1+ 50. Kg2 Qd5+ 51. Kg1 Qb7 52. Qb2
Kg8 53. Kh2 Qf3 54. Kg1 Qg4+ 55. Kf1 Qxh4 56. Qxb3 Qxg5 57. Qc4 Qg4 58. Qd5 h4
59. Qa8+ Kg7 60. Qa1+ Kh7 61. Qf6 Kg8 62. Qe5 h3 63. Qe8+ Kg7 64. Qe5+ Kh7 65.
Qf6 Qd1# 0-1

[Event "XXXV MEMORIAL IMIENIA LUDWIKA ZAMENHOFA"]
[Site "Bialystok"]
[Date "2016.??.??"]
[Round "3.22"]
[White "Wojtaszewski, Piotr"]
[Black "Karwowski, Kacper"]
[Result "0-1"]
[WhiteElo "1995"]
[BlackElo "2201"]
[PlyCount "58"]
[EventDate "2016.??.??"]

1. e4 c5 2. Nf3 d6 3. g3 Nc6 4. Bg2 g6 5. O-O Bg7 6. c3 Nf6 7. Re1 O-O 8. d3 e5
9. Nbd2 d5 10. exd5 Nxd5 11. Nc4 Re8 12. d4 exd4 13. Rxe8+ Qxe8 14. cxd4 cxd4
15. Nxd4 Bg4 16. Qxg4 Qe1+ 17. Bf1 Nxd4 18. Bh6 Qxa1 19. Bxg7 Nf5 20. Be5 b5
21. Qf3 bxc4 22. Qxd5 Re8 23. Bc3 Qb1 24. g4 Nh4 25. f3 Qc1 26. Kf2 Qf4 27. Kg1
Qe3+ 28. Kh1 Qf2 29. Qxc4 Nxf3 0-1

[Event "XXXV MEMORIAL IMIENIA LUDWIKA ZAMENHOFA"]
[Site "Bialystok"]
[Date "2016.??.??"]
[Round "3.24"]
[White "Fus, Jakub"]
[Black "Wisniewski, Michal"]
[Result "0-1"]
[WhiteElo "2033"]
[BlackElo "2144"]
[PlyCount "64"]
[EventDate "2016.??.??"]

1. d4 Nf6 2. c4 c5 3. d5 b5 4. cxb5 a6 5. f3 axb5 6. e4 Qa5+ 7. Bd2 b4 8. Na3
e6 9. Nc4 Qc7 10. Bg5 exd5 11. exd5 d6 12. Bxf6 gxf6 13. Qd2 Nd7 14. Kf2 Ne5
15. f4 Ng4+ 16. Kf3 f5 17. Bd3 Bh6 18. Ne3 Nxe3 19. Qxe3+ Kd8 20. Ne2 Re8 21.
Qd2 Qe7 22. a3 Qb7 23. Bc2 b3 24. Bb1 Ra4 25. g3 Re5 26. Rd1 Be6 27. Qc3 Rxd5
28. Rxd5 Qxd5+ 29. Kf2 Kd7 30. Qf6 Bf8 31. g4 Be7 32. Qc3 Bh4+ 0-1

[Event "XXXV MEMORIAL IMIENIA LUDWIKA ZAMENHOFA"]
[Site "Bialystok"]
[Date "2016.??.??"]
[Round "3.26"]
[White "Kowalski, Igor"]
[Black "Daniel, Damian"]
[Result "1/2-1/2"]
[WhiteElo "2129"]
[BlackElo "2030"]
[PlyCount "69"]
[EventDate "2016.??.??"]

1. d4 f5 2. g3 Nf6 3. Bg2 g6 4. h4 d5 5. Nh3 Be6 6. Nd2 Qd7 7. Nf4 Nc6 8. Nb3
b6 9. h5 Rg8 10. hxg6 hxg6 11. Nxe6 Qxe6 12. Qd3 Qd7 13. c3 e6 14. Nd2 Bd6 15.
Nf3 O-O-O 16. Bg5 Qg7 17. O-O-O Rh8 18. Qa6+ Kb8 19. c4 Nb4 20. Qa4 dxc4 21. a3
Nbd5 22. Qxc4 Rxh1 23. Rxh1 Rh8 24. Rxh8+ Qxh8 25. Ne5 Bxe5 26. dxe5 Ng4 27.
Bxd5 exd5 28. Qxd5 Qxe5 29. Qxe5 Nxe5 30. Kd2 Kc8 31. Kc3 Kd7 32. f3 a6 33. a4
c5 34. Bf6 Nf7 35. b4 1/2-1/2

[Event "XXXV MEMORIAL IMIENIA LUDWIKA ZAMENHOFA"]
[Site "Bialystok"]
[Date "2016.??.??"]
[Round "3.28"]
[White "Sroka, Janusz"]
[Black "Maj, Pawel"]
[Result "1/2-1/2"]
[WhiteElo "2045"]
[BlackElo "2109"]
[PlyCount "114"]
[EventDate "2016.??.??"]

1. e4 c5 2. Nc3 Nc6 3. f4 g6 4. Nf3 Bg7 5. g3 d6 6. Bg2 Rb8 7. O-O e6 8. d3 b5
9. f5 exf5 10. exf5 Nge7 11. Nh4 gxf5 12. Bg5 Qc7 13. Qh5 Be6 14. Rae1 Bd4+ 15.
Kh1 Be5 16. Bf6 Rg8 17. Nf3 Rg6 18. Bxe5 dxe5 19. Nh4 Rg7 20. Qh6 Kf8 21. Qe3
Qd6 22. a4 a6 23. axb5 axb5 24. Rf2 Kg8 25. Qh6 Qd7 26. Ref1 Nd4 27. Nd1 Ng6
28. c3 Nxh4 29. Qxh4 Nc6 30. Ne3 Ne7 31. Qf6 Qc7 32. d4 cxd4 33. cxd4 e4 34.
Rc2 Qd7 35. Rfc1 Nd5 36. Nxd5 Qxd5 37. Rc5 Rg6 38. Rxd5 Rxf6 39. Rd6 Kg7 40. d5
Rc8 41. Rd1 Rc2 42. dxe6 Rxe6 43. R6d2 Rec6 44. Bf1 b4 45. b3 R6c3 46. Bc4 Kf6
47. Rd6+ Kg5 48. Rf1 e3 49. Rd5 e2 50. Rdxf5+ Kg6 51. Rf6+ Kg7 52. Rxf7+ Kg6
53. R1f6+ Kh5 54. Rf5+ Kg6 55. R5f6+ Kh5 56. Rf5+ Kh6 57. R5f6+ Kh5 1/2-1/2

[Event "XXXV MEMORIAL IMIENIA LUDWIKA ZAMENHOFA"]
[Site "Bialystok"]
[Date "2016.??.??"]
[Round "3.29"]
[White "Kokoszczynski, Jan"]
[Black "Golecki, Jan"]
[Result "1/2-1/2"]
[WhiteElo "2076"]
[BlackElo "1823"]
[PlyCount "132"]
[EventDate "2016.??.??"]

1. d4 d5 2. Nf3 Nc6 3. Bf4 e6 4. e3 Bd6 5. Bg3 Nge7 6. Nbd2 Nf5 7. c3 Nxg3 8.
hxg3 Qe7 9. Bd3 h6 10. Qe2 e5 11. dxe5 Nxe5 12. Nxe5 Bxe5 13. Nf3 Bg4 14. Rh4
h5 15. O-O-O O-O-O 16. Qc2 Qf6 17. Rdh1 g5 18. R4h2 Bxf3 19. gxf3 h4 20. f4
hxg3 21. fxg3 Bd6 22. Rxh8 Rxh8 23. Rxh8+ Qxh8 24. Qg2 c6 25. Qf3 gxf4 26. exf4
Kc7 27. Qg4 Qh1+ 28. Kc2 Qg2+ 29. Be2 Qe4+ 30. Bd3 Qa4+ 31. Kb1 d4 32. c4 Qb4
33. Qe2 Be7 34. g4 Qd6 35. Kc2 Qe6 36. Qf3 Qe3 37. Qf1 Bd6 38. f5 Bf4 39. a3 a5
40. Kb1 c5 41. Ka2 f6 42. Qd1 Qd2 43. Qf3 Qe3 44. Qf1 Kb8 45. Kb1 Kc7 46. Bc2
Kb8 47. Ka2 Qg3 48. Qd1 Kc7 49. Be4 Qe3 50. Qh1 Kb8 51. Bxb7 a4 52. Bd5 Qb3+
53. Ka1 Kc7 54. Qe1 Be5 55. Qa5+ Qb6 56. Qxa4 d3 57. Qb5 Qxb5 58. cxb5 Kb6 59.
a4 Ka5 60. Bb3 Kb4 61. Bd1 c4 62. Kb1 Bd4 63. Kc1 Be3+ 64. Kb1 Bd4 65. Ka2 Be3
66. Kb1 Bd4 1/2-1/2

[Event "XXXV MEMORIAL IMIENIA LUDWIKA ZAMENHOFA"]
[Site "Bialystok"]
[Date "2016.12.28"]
[Round "4.1"]
[White "Markowski, Tomasz"]
[Black "Bobras, Piotr"]
[Result "1-0"]
[WhiteElo "2563"]
[BlackElo "2523"]
[PlyCount "56"]
[EventDate "2016.??.??"]

1. d4 d5 2. Nf3 Nf6 3. c4 c6 4. cxd5 cxd5 5. Nc3 Nc6 6. Bf4 Bf5 7. Qb3 Na5 8.
Qa4+ Bd7 9. Qc2 e6 10. e3 Be7 11. Bd3 Nc6 12. a3 Nh5 13. Be5 f6 14. Bg3 f5 15.
O-O Nxg3 16. hxg3 Rc8 17. Rfc1 Bd6 18. Qd1 g5 19. Bb5 Qf6 20. Na4 g4 21. Ne5 h5
22. Nc5 Bxe5 23. dxe5 Qxe5 24. Nxb7 h4 25. gxh4 g3 26. Qf3 Rb8 27. fxg3 Rxb7
28. Bxc6 Rxb2 1-0

[Event "XXXV MEMORIAL IMIENIA LUDWIKA ZAMENHOFA"]
[Site "Bialystok"]
[Date "2016.12.28"]
[Round "4.2"]
[White "Heberla, Bartlomiej"]
[Black "Cukrowski, Filip"]
[Result "1-0"]
[WhiteElo "2553"]
[BlackElo "2372"]
[PlyCount "75"]
[EventDate "2016.??.??"]

1. Nf3 Nf6 2. g3 g6 3. b3 Bg7 4. Bb2 O-O 5. Bg2 d5 6. c4 c6 7. O-O Nbd7 8. d4
Ne4 9. e3 Re8 10. Nbd2 Ndf6 11. Ne5 Be6 12. Nxe4 Nxe4 13. Qe2 f6 14. Nd3 Nd6
15. Nf4 Bf7 16. cxd5 cxd5 17. Nxd5 e6 18. Nc3 Qa5 19. Ne4 Nxe4 20. Bxe4 Qb4 21.
Rfc1 Rac8 22. Bg2 f5 23. Rc2 Bf8 24. Rac1 Rxc2 25. Rxc2 Bd6 26. h4 a5 27. Qd1
Qb6 28. Qc1 Rf8 29. Ba3 Bb4 30. Bxb4 Qxb4 31. Rc4 Qb5 32. Rc5 Qa6 33. Rc7 b6
34. Qc3 a4 35. d5 e5 36. Qxe5 axb3 37. axb3 Qd3 38. Bf3 1-0

[Event "XXXV MEMORIAL IMIENIA LUDWIKA ZAMENHOFA"]
[Site "Bialystok"]
[Date "2016.12.28"]
[Round "4.3"]
[White "Koziak, Vitali"]
[Black "Azarov, Sergei"]
[Result "1/2-1/2"]
[WhiteElo "2479"]
[BlackElo "2600"]
[PlyCount "31"]
[EventDate "2016.??.??"]

1. e4 c5 2. Nf3 Nc6 3. c3 d5 4. exd5 Qxd5 5. d4 Bf5 6. Be3 cxd4 7. Nxd4 Nf6 8.
Nxf5 Qxf5 9. Bd3 Qd5 10. O-O O-O-O 11. Be2 Qxd1 12. Rxd1 Rxd1+ 13. Bxd1 e6 14.
Bf3 Nd5 15. Bxd5 exd5 16. Nd2 1/2-1/2

[Event "XXXV MEMORIAL IMIENIA LUDWIKA ZAMENHOFA"]
[Site "Bialystok"]
[Date "2016.12.28"]
[Round "4.4"]
[White "Berzinsh, Roland"]
[Black "Stupak, Kirill"]
[Result "0-1"]
[WhiteElo "2408"]
[BlackElo "2562"]
[PlyCount "66"]
[EventDate "2016.??.??"]

1. e4 c6 2. d4 d5 3. e5 c5 4. dxc5 Nc6 5. Nf3 Bg4 6. c3 e6 7. Be3 Nge7 8. Nbd2
Nf5 9. Bd4 Be7 10. Bd3 Nfxd4 11. cxd4 Qa5 12. O-O Nxd4 13. b4 Qa3 14. h3 Bh5
15. Be2 Nxe2+ 16. Qxe2 O-O 17. Qb5 a5 18. Qxb7 Rfe8 19. Nd4 Bf8 20. Nc6 axb4
21. Nb3 Be2 22. Rfe1 Bc4 23. Re3 Bxb3 24. Rxb3 Qxb3 25. axb3 Rxa1+ 26. Kh2 Bxc5
27. Qb5 Bxf2 28. Qxb4 h5 29. h4 Rc1 30. Qb7 Rc3 31. g3 Bxg3+ 32. Kg2 Bxh4 33.
b4 Bg5 0-1

[Event "XXXV MEMORIAL IMIENIA LUDWIKA ZAMENHOFA"]
[Site "Bialystok"]
[Date "2016.12.28"]
[Round "4.5"]
[White "Kanarek, Marcel"]
[Black "Kowalczyk, Pawel"]
[Result "0-1"]
[WhiteElo "2526"]
[BlackElo "2353"]
[PlyCount "82"]
[EventDate "2016.??.??"]

1. e4 c5 2. Nf3 e6 3. d4 cxd4 4. Nxd4 Qb6 5. Be3 Bc5 6. c3 Nc6 7. Nd2 d5 8.
N2b3 Bxd4 9. Nxd4 Qd8 10. exd5 exd5 11. Be2 Nge7 12. O-O O-O 13. Nxc6 bxc6 14.
c4 Be6 15. Bc5 Re8 16. Qa4 Ng6 17. Rfd1 Qh4 18. Bf1 Ne5 19. f3 dxc4 20. Bf2 Qf6
21. Bd4 Bd5 22. Bxe5 Rxe5 23. Bxc4 Bxf3 24. Rd2 Bd5 25. Bxd5 cxd5 26. Rf1 Qe6
27. Rdf2 f6 28. h3 a6 29. Rd2 Rc8 30. Qd4 h6 31. Qf2 Rc4 32. Rfd1 Rce4 33. Qf3
Rg5 34. Qf2 Qxh3 35. Rxd5 Rh4 36. Rd8+ Kh7 37. Kf1 Qh2 38. R8d3 Rf4 39. Rf3
Qh1+ 40. Ke2 Re5+ 41. Kd2 Rd5+ 0-1

[Event "XXXV MEMORIAL IMIENIA LUDWIKA ZAMENHOFA"]
[Site "Bialystok"]
[Date "2016.12.28"]
[Round "4.6"]
[White "Kveinys, Aloyzas"]
[Black "Szostko, Jakub"]
[Result "1-0"]
[WhiteElo "2518"]
[BlackElo "2234"]
[PlyCount "113"]
[EventDate "2016.??.??"]

1. d4 Nf6 2. c4 g6 3. Nf3 Bg7 4. g3 O-O 5. Bg2 d6 6. O-O Nc6 7. Nc3 a6 8. h3
Rb8 9. Be3 b5 10. Nd2 Bd7 11. Rc1 e6 12. d5 Ne7 13. dxe6 Bxe6 14. c5 Nfd5 15.
cxd6 cxd6 16. Bg5 Nxc3 17. bxc3 h6 18. Be3 Rc8 19. Bd4 Bxa2 20. Ra1 Bd5 21.
Rxa6 Bxg2 22. Kxg2 Ra8 23. Qa1 Qc8 24. Rxa8 Qc6+ 25. e4 Rxa8 26. Qb2 Nf5 27.
Bxg7 Nxg7 28. Rb1 Ne6 29. Qxb5 Qxc3 30. Qd5 Rd8 31. Nc4 Qd4 32. Rd1 Qc5 33.
Nxd6 Qxd5 34. Rxd5 Nc7 35. Rd2 Ne8 36. Nc4 Rxd2 37. Nxd2 Kf8 38. Kf3 Ke7 39.
Kf4 Ke6 40. Nb3 Nd6 41. Nd4+ Ke7 42. f3 Ne8 43. h4 Ng7 44. g4 Kf6 45. Ke3 Ne8
46. f4 Ng7 47. e5+ Ke7 48. f5 gxf5 49. Nxf5+ Nxf5+ 50. gxf5 f6 51. Ke4 Kf7 52.
exf6 Kxf6 53. Kf4 Kf7 54. Ke5 Ke7 55. f6+ Ke8 56. Kf5 Kf7 57. h5 1-0